Desarrollo de una metodología para el control de la carga paseante en una empresa productora y comercializadora de productos de consumo masivo
Bewaard in:
| Hoofdauteur: | |
|---|---|
| Andere auteurs: | |
| Formaat: | Boek |
| Taal: | Spanish |
| Gepubliceerd in: |
[San José, Costa Rica]
2012
|
| Onderwerpen: | |
| Tags: |
Voeg label toe
Geen labels, Wees de eerste die dit record labelt!
|
MARC
| LEADER | 00000nam a22000007a 4500 | ||
|---|---|---|---|
| 003 | 010820 | ||
| 005 | 20221231143925.0 | ||
| 008 | 151029b2012 cr a|||| |||| 00| 0 spa d | ||
| 040 | |c cru CEDI | ||
| 090 | |a TFG 6642 | ||
| 100 | |9 1869 |a Bolaños Solano, Emilia | ||
| 245 | |a Desarrollo de una metodología para el control de la carga paseante en una empresa productora y comercializadora de productos de consumo masivo | ||
| 260 | |a [San José, Costa Rica] |c 2012 | ||
| 500 | |a Proyecto de graduación (licenciatura en ingeniería industrial)--Universidad de Costa Rica. Facultad de Ingeniería. Escuela de Industrial | ||
| 650 | |x CONTROL DE INVENTARIOS |x DISTRIBUCION FISICA DE MERCANCIAS - PLANIFICACION |x REPARTO DE MERCANCIAS - PLANIFICACION |x DISTRIBUCION FISICA DE MERCANCIAS - ADMINISTRACION |x REPARTO DE MERCANCIAS - ADMINISTRACION |x ADMINISTRACION DE MATERIALES |x LOGISTICA EN LOS NEGOCIOS |9 1871 | ||
| 700 | |9 1870 |a Sibaja Murillo, Pamela | ||
| 942 | |c TFG | ||
| 999 | |c 14308 |d 14308 | ||
